| 000 | 00376nam a2200157Ia 4500 | ||
|---|---|---|---|
| 008 | 210210b1978 xxu||||| |||| 00| 0 eng d | ||
| 020 | _a0 201 08099 0 | ||
| 082 | _a520 VERC | ||
| 100 | _aVERSCHUUR (Gerrit L). | ||
| 245 | _aCosmic catastrophes. | ||
| 260 |
_aLondon _bAddison-Wesley _c1978 |
||
| 300 | _ax,214 | ||
| 650 | _aCosmic | ||
| 690 | _aAstronomy | ||
| 906 | _a039689 | ||
| 999 |
_c89955 _d89955 |
||